[Event "Polonia Wroclaw Masters Cup-IM"]
[Site "Wroclaw"]
[Date "2019.05.05"]
[Round "9.5"]
[White "Martynyuk, Elizaveta"]
[Black "Czopor, Maciej"]
[Result "0-1"]
[WhiteElo "2141"]
[BlackElo "2229"]
[Annotator "TA"]
[PlyCount "132"]
[EventDate "2019.04.28"]
[EventType "tourn"]
[EventCountry "POL"]
[SourceTitle "playchess.com"]
[Source "ChessBase"]
[SourceQuality "1"]

{[%evp 12,132,21,-2,31,26,49,15,50,39,35,18,39,0,45,40,41,0,-23,-11,-1,-8,-2,-102,0,-32,-41,-45,-45,-45,-33,-50,-37,-46,-44,-50,-37,-70,-65,-65,-65,-70,-69,-85,-37,-110,-81,-172,-61,-100,-56,-64,-70,-145,-69,-93,-91,-93,-39,-52,-44,-33,-20,-50,-56,-66,-66,-68,-68,-68,-67,-83,-8,-39,-27,-28,-28,-100,-81,-189,-187,-197,-197,-197,-197,-260,-266,-417,-395,-485,-446,-629,-393,-399,-361,-798,-782,-792,-785,-783,-763,-3967,-3933,-3419,-3068,-7131,-6303,-29969,-29970,-29973,-29974,-29970,-29955,-29985,-29986,-29986,-29976,-29987,-29988,-29988,-29989,-29989,-29990]} 1. e4 c5 2. Nf3 e6 3. d4 cxd4 4. Nxd4 Nf6 5. Nc3 d6 6. Be3 a6 7. f3 h5 {B80: Sicilian Scheveningen: 6 g3 and 6 Be3, including English Attack} (7... b5 8. a3 h5 9. Be2 Nbd7 10. O-O Bb7 11. Qe1 Be7 12. a4 b4 13. Na2 a5 14. c3 bxc3 15. Nxc3 O-O {½-½ (31) Saric,I (2692)-Wojtaszek,R (2749) Germany 2019}) 8. Be2 Nbd7 9. Qd2 Qc7 {The position is equal.} 10. O-O-O b5 11. h3 h4 12. Bg5 $146 ({Predecessor:} 12. Qe1 b4 13. Nb1 d5 14. exd5 Nxd5 15. Bf2 {1-0 (34) Mueller,A (1694)-Lehmann,P (1601) Germany 2011}) 12... Bb7 (12... b4 $5 {[%cal Rb4c3]} 13. Na4 Qa5 $11) 13. a3 Rc8 14. Qe1 ({Better is} 14. Kb1 $14) 14... d5 $11 15. exd5 Nxd5 16. Nxd5 Bxd5 17. Bd3 (17. Kb1 $11) 17... Qe5 (17... Bc5 $17 18. Ne2 Ne5) 18. Qxe5 Nxe5 19. Rhe1 Nxd3+ 20. Rxd3 Bc4 21. Rdd1 Rh5 22. Bf4 Be7 (22... Bc5 {is interesting.} 23. c3 a5 24. Kb1 a4 25. Nc2 Be7) 23. Kb1 Bd5 (23... Bc5 {with more complications.} 24. b3 Bd5 25. Kb2 Be7 26. Ne2 Bb7) 24. Re5 Rxe5 25. Bxe5 f6 26. Bh2 Rd8 27. Bg1 e5 28. Nb3 (28. Nf5 $15) 28... Kf7 29. Bb6 {[#]} (29. Nc5 $17 {keeps fighting.}) 29... Rd7 (29... Bxf3 $1 $19 {[%mdl 512]} 30. Rxd8 (30. gxf3 Rxd1+) 30... Bxd8 31. Bxd8 Bxg2) 30. Bc5 Bd8 31. Bf2 f5 32. Rd3 {[#]} (32. Be3 $15) 32... Be6 (32... e4 $1 $17 {[%cal Re4d3]} 33. Rd1 exf3 34. gxf3 Bc6) 33. Rxd7+ Bxd7 $15 {[%mdl 4096] Endgame KBB-KBN} 34. Nc5 {[#]} Bc8 (34... Bc6 $1 $17 35. Nd3 Bc7) 35. Kc1 g5 36. Kd2 Ke7 37. Nd3 Kd6 38. b3 a5 39. c4 bxc4 40. bxc4 Bb7 41. Bc5+ Kc6 ({Black should play} 41... Ke6 $17 {And now ...e4 would win.} 42. Nf2 Be7 43. Bxe7 Kxe7) 42. Be3 Bf6 {Black wants to play ...Ba6.} 43. Nc5 Bc8 44. Nb3 (44. a4 $1 $11) 44... Bd8 45. Kd3 (45. a4 $17) 45... f4 $19 46. Bf2 Bf5+ 47. Ke2 Bc2 48. Nc1 (48. Na1 {is a better defense.} Bb1 49. Nb3) 48... e4 49. Kd2 (49. Bd4 $142) 49... Bb1 50. Ke2 a4 51. Be1 (51. Bd4 $142) 51... Bf6 52. Bb4 Bb2 53. Kd1 $2 (53. Kd2 Bf6 54. Ke2) 53... exf3 54. gxf3 Bf6 55. Ne2 Bf5 56. Bc3 Bxc3 57. Nxc3 Bxh3 {KB-KN} 58. Ke2 Kc5 59. Nxa4+ Kxc4 {Black mates.} 60. Nb6+ Kc5 61. Na4+ Kd4 62. Nb6 Be6 63. Kf2 h3 64. Na4 g4 65. fxg4 Bd5 66. Kg1 f3 {Accuracy: White = 21%, Black = 51%.} 0-1